000 01614cam a22001814a 4500
005 20250605164356.0
008 250528s ||||||||||||||||||||||||d
035 _a24340
040 _aGR-AtMCL
_bgre
_dGR-AtMCL
_eAACR2
245 1 _aΣτροφή στο Ρεαλισμό! / Επιχειρηματικές Ιδέες που Εντάχθηκαν στη Θ.Ε.Α.
260 _bΕμπορικό Και Βιομηχανικό Επιμελητήριο Αθηνών,
_c2015
300 _a64
520 _aΕπιχειρηματικές Ιδέες που Εντάχθηκαν στη Θ.Ε.Α., Το Ευρωπαϊκό Κοινοβούλιο - Ποιές είναι οι Εξουσίες και ο Ρόλος του, Έστω και στο '1' θα Κερδίσει η Λογική και η Ελλάδα, Τα Πρώτα Μέτρα για Συμφωνία - Γέφυρα και η Ανάσχεση Ανθρωπιστικής Κρίσης, Θετικά Μηνύματα για τις Εξαγωγές, Ο Σχεδιασμός της Κυβέρνησης για την Αύξηση του Κατώτατου Μισθού, Η Μελέτη για το Ελληνικό που Έρχεται στο Προσκήνιο, Τέλος στις Αποκρατικοποιήσεις των Ενεργειακών Επιχειρήσεων, Διαιτησία και Διαμεσολάβηση, Η Συμμετοχή των Γυναικών στην Έρευνα και Ανάπτυξη στην Ελλάδα.
700 1 _aΜίχαλος Κωνσταντίνος
_94319
942 _cCR
999 _c9229
_d9229